Wypisz wszystkie piosenki Zeamsone z albumu "Wirtuoz" - Statystyki

Ogólne statystyki
  • Ten quiz został rozwiązany 13 razy
  • Średni wynik to 13 z 16
Statystyki odpowiedzi
Lp Piosenka % Poprawnych
7 7 DAM
100%
5 Deszcz Pieniędzy ft. Young Leosia
100%
13 Samotność (wyłącz)
100%
14 WIRTUOZ
100%
4 4 RANO
90%
1 Cele
90%
8 nie chcę przestać się bawić ft. Szpaku
90%
11 nie jestem romantyczny
90%
10 nigdy gotowy do walki
90%
6 Perfidia
90%
9 Polityka Dzielnicy
80%
16 BEATSWITCH BONUS TRACK
70%
12 Operuje Faktami ft. Te-Tris
70%
2 Przyszłość
60%
3 Znamy się na Tym
60%
15 Mówią ft. obi BONUS TRACK
50%
Nie znaleziono quizów pasujących do podanych kryteriów
Rozkład punktacji
Procent ludzi z każdym wynikiem
Percentyl według liczby udzielonych odpowiedzi
Twoja historia wyników
Nie rozwiązałeś tego quizu